000 00661nam a22002412 4500
999 _c624
_d624
001 624
003 BD-JhCC
005 20171007214957.0
008 790627s1944 ii b 001 0 eng d
035 _a(BD-JhCC)624
040 _aYGM
_cYGM
_dEQO
_dBD-JhCC
041 _aeng
082 _a371.3
_bRYB 1944
090 _aLB1025
_b.R9
100 1 _aRyburn, W. M.
_q(William Morton)
245 1 4 _aThe principles of teaching /
_cby W. M. Ryburn.
260 _aBombay :
_bG. Cumberledge,
_c1944.
300 _a237 p. ;
_c19 cm.
504 _aIncludes bibliographical footnotes and index.
650 0 _aTeaching.
942 _2ddc
_cBK